University Home | Library Home | Institutional Repository

Concepts and methods of social work. (Record no. 8364)

MARC details
000 -LEADER
fixed length control field 00720cam8a220024100 4500
001 - CONTROL NUMBER
control field zam00002507
008 - FIXED-LENGTH DATA ELEMENTS--GENERAL INFORMATION
fixed length control field 951128s1960 xx eng u
035 ## - SYSTEM CONTROL NUMBER
System control number (Sirsi) r19860
035 ## - SYSTEM CONTROL NUMBER
System control number (MACHINE)SLC.
100 ## - MAIN ENTRY--PERSONAL NAME
Personal name Friedlander, W. A.
Linkage A80929.1
245 10 - TITLE STATEMENT
Title Concepts and methods of social work.
260 ## - PUBLICATION, DISTRIBUTION, ETC.
Date of publication, distribution, etc. 1960.
591 ## -
-- Class code: SW 330.
591 ## -
-- Course: Analysis of social work intervention.
591 ## -
-- School: S05.
591 ## -
-- Lecturer: Dr. TEMBO, R.
591 ## -
-- Number of Students: 17.
949 ## - LOCAL PROCESSING INFORMATION (OCLC)
a HV41
w lcc
i -18031
m MAIN
t BOOK
l ON-SHELF
949 ## - LOCAL PROCESSING INFORMATION (OCLC)
a HV41
w lcc
i -18032
m MAIN
t BOOK
l ON-SHELF
900 ## - EQUIVALENCE OR CROSS-REFERENCE-PERSONAL NAME [LOCAL, CANADA]
-- MAIN
Field link and sequence number HV41
-- FRI
Titles and other words associated with a name 2
909 ## -
-- Book
Holdings
Withdrawn status Lost status Source of classification or shelving scheme Damaged status Not for loan Home library Current library Shelving location Total Checkouts Full call number Barcode Date last seen Copy number Price effective from Koha item type
    Library of Congress Classification     Main Library Main Library Academic reserves/Short loan   HV41 FRI 33729005185876 08/12/2019 1 08/12/2019 Short Loan material
© 2026 - The University of Zambia Library - Koha v25.11